Schaum's outline of theory & problems of statistics (Record no. 7840)

000 -LEADER
fixed length control field 00549nam a2200205 4500
001 - CONTROL NUMBER
control field 7840
003 - CONTROL NUMBER IDENTIFIER
control field BD-DhUET
008 - FIXED-LENGTH DATA ELEMENTS--GENERAL INFORMATION
fixed length control field 141213b/xxu||||| |||| 00| 0 eng d
020 ## - INTERNATIONAL STANDARD BOOK NUMBER
International Standard Book Number 070602271
040 ## - CATALOGING SOURCE
Original cataloging agency DLC
Language of cataloging DLC
Transcribing agency BD-DhUET
082 ## - DEWEY DECIMAL CLASSIFICATION NUMBER
Classification number 519.9
Item number SPI/1961
100 ## - MAIN ENTRY--PERSONAL NAME
Personal name Spiegel , Murray R
245 ## - TITLE STATEMENT
Title Schaum's outline of theory & problems of statistics
250 ## - EDITION STATEMENT
Edition statement 1st ed.
260 ## - PUBLICATION, DISTRIBUTION, ETC. (IMPRINT)
Place of publication, distribution, etc. Singapore
Name of publisher, distributor, etc. McGraw Hill
Date of publication, distribution, etc. 1961
300 ## - PHYSICAL DESCRIPTION
Extent 359 p.
Other physical details ill.
Dimensions 27 cm.
490 ## - SERIES STATEMENT
Series statement Schaum's Outline Series
650 #0 - SUBJECT ADDED ENTRY--TOPICAL TERM
Topical term or geographic name as entry element Statistical mathematics
942 ## - ADDED ENTRY ELEMENTS (KOHA)
Koha item type General Book
Holdings
Koha date last seen Date acquired Withdrawn status Not for loan Shelving location Koha date last borrowed Price effective from Copy number Lost status Piece designation (barcode) Damaged status Source of classification or shelving scheme Koha item type Koha normalized classification for sorting Koha full call number Sublocation or collection (holding branch) Location (home branch) Koha issues (times borrowed)
2015-08-222014-12-13  Circulation section 2014-12-131 25219  General Book519_900000000000000_SPI_1961519.9/SPI/1961Central Library, BUETCentral Library, BUET 
2017-02-062014-12-13  Circulation section 2014-12-132 66184  General Book519_900000000000000_SPI_1961519.9/SPI/1961Central Library, BUETCentral Library, BUET 
2014-12-132014-12-13  Circulation section 2014-12-133 345  General Book519_900000000000000_SPI_1961519.9/SPI/1961Central Library, BUETCentral Library, BUET 
2015-08-012014-12-13  Circulation section2015-08-012014-12-135 56483  General Book519_900000000000000_SPI_1961519.9/SPI/1961Central Library, BUETCentral Library, BUET1
2014-12-132014-12-13  Circulation section 2014-12-136 31847  General Book519_900000000000000_SPI_1961519.9/SPI/1961Central Library, BUETCentral Library, BUET 
2014-12-132014-12-13  Circulation section 2014-12-137 31828  General Book519_900000000000000_SPI_1961519.9/SPI/1961Central Library, BUETCentral Library, BUET 
2014-12-132014-12-13  Circulation section 2014-12-138 31843  General Book519_900000000000000_SPI_1961519.9/SPI/1961Central Library, BUETCentral Library, BUET